Focus on Families Action and Issues Beyond IYF (Record n. 208282)

Dettagli MARC
000 -LEADER
fixed length control field 00751npc a2200217Ia 4500
001 - CONTROL NUMBER
control field dd17-2527 [d000002661]
003 - CONTROL NUMBER IDENTIFIER
control field IT-MiCISF
008 - FIXED-LENGTH DATA ELEMENTS--GENERAL INFORMATION
fixed length control field 161014s9999||||xx | und||
040 ## - CATALOGING SOURCE
Original cataloging agency IT-MiCISF
Transcribing agency IT-MiCISF
041 ## - LANGUAGE CODE
Language code of text/sound track or separate title en
999 ## - SYSTEM CONTROL NUMBERS (KOHA)
Koha Dewey Subclass [OBSOLETE] si
100 ## - MAIN ENTRY--PERSONAL NAME
Personal name Rosenmayr Hilde (a cura di)
240 ## - UNIFORM TITLE
Uniform title Focus on Families Action and Issues Beyond IYF
245 #0 - TITLE STATEMENT
Title Focus on Families Action and Issues Beyond IYF
Remainder of title 5th International Seminar, Vienna 6-7 november 1995
250 ## - EDITION STATEMENT
Edition statement 1a ed.
260 ## - PUBLICATION, DISTRIBUTION, ETC. (IMPRINT)
Place of publication, distribution, etc. Vienna
Name of publisher, distributor, etc. NGO Committee on the Family
Date of publication, distribution, etc. 1996
300 ## - PHYSICAL DESCRIPTION
Extent pp. 83
500 ## - GENERAL NOTE
General note / famiglia, aif, società, cambiamenti-famiglia, associazioni, educazione-familiare, politica-familiare /
650 ## - SUBJECT ADDED ENTRY--TOPICAL TERM
Topical term or geographic name as entry element famiglia
942 ## - ADDED ENTRY ELEMENTS (KOHA)
Koha item type DOCUMENTI
957 ## -
-- 1
999 ## - SYSTEM CONTROL NUMBERS (KOHA)
-- 1
Dati di copia
Withdrawn status Lost status Damaged status Not for loan Home library Current library Date acquired Total Checkouts Full call number Date last seen Price effective from Koha item type Public note
    Buone Condizioni Not For Loan CISF - Milano CISF - Milano 14/10/2016   dd17-2527 [d000002661] 14/10/2016 14/10/2016 DOCUMENTI Data import 15.10.2016 / by Epidotti, Vaglietti
CREDITS: SOCIETA' SAN PAOLO Via A.Severo, 58 - ROMA (RM) & PERIODICI SAN PAOLO SRL Via Giotto, 36 MILANO & CISF Via Giotto, 36 MILANO & EDIZIONI SAN PAOLO SRL,  Piazza Soncino, 5 CINISELLO BALSAMO (MI) -- ITALY